Deleted Wikipedia Articles Quiz Stats

 Plays Quiz Updated Feb 10, 2018

Support Sporcle.
Go Orange.
Score 0/25 Timer 05:00
0 Plays Today
% Correct
Oranges
93.7%
DELETE
93.4%
Elephant
92.7%
Peanut
92.5%
Beginning
91.9%
Pooholes
91.3%
Sonic
91.1%
Summer
91.1%
Kill
90.6%
Curse
90.4%
Cushions
90.4%
Kaboom
90.2%
Koala
90.1%
% Correct
Team
88.8%
Search
88.8%
Stupid
88%
Vice
85.4%
Library
84.3%
Star
83.5%
New
83%
Centre
81.1%
Ultra
74.2%
Ancient
73.2%
Parallels
67.1%
Narnian
65.9%

You're not logged in!

Compare scores with friends on all Sporcle quizzes.
OR
Log In

From the Vault

100 Questions About Batman

by LucasEwalt

February 19th is officially Batman's birthday. Of course, his parents never got him a card.
Remove Ads.
Support Sporcle.
Get the best of Sporcle when you Go Orange. This ad-free experience offers more features, more stats, and more fun while also helping to support Sporcle. Thank you for becoming a member.

Show Comments

Extras

Top Quizzes Today


Score Distribution

Your Account Isn't Verified!

In order to create a playlist on Sporcle, you need to verify the email address you used during registration. Go to your Sporcle Settings to finish the process.

Report this User

Report this user for behavior that violates our Community Guidelines.

Details: